000 02187nam a2200277 a 4500
008 080109s1990 ||||||||||||||||| || u
020 _a0821314513
050 _aIBRD(058)DL
110 _aWorld Bank
245 1 0 _aDirectory of libraries: The World Bank Depository Library Program
260 _aWashington, D.C.
_bWorld Bank
_c1990-
300 _avii, 63p.
350 _a0.00
362 1 _a1997, 1996, 1995, 1994, 1993, 1992, 1991, 1990
650 _aWORLD BANK--DEPOSITORY LIBRARIES
995 _aSPECIAL COLLECTIONS
_D0.00
_e024806
_FCBU-MAIN LIBRARY (Kitwe)
_H1
_I0.00
_jIBRD(058)DL/1991
_M1991
_UAVAILABLE
_y024806
_ZInternational Publications
995 _aSPECIAL COLLECTIONS
_D0.00
_e024980
_FCBU-MAIN LIBRARY (Kitwe)
_H1
_I0.00
_jIBRD(058)DL/1992B
_M1992B
_UAVAILABLE
_WApr 17, 2008
_y024980
_ZInternational Publications
995 _aSPECIAL COLLECTIONS
_D0.00
_e026653
_FCBU-MAIN LIBRARY (Kitwe)
_H1
_I0.00
_jIBRD(058)DL/1995
_M1995
_UAVAILABLE
_WApr 17, 2008
_y026653
_ZInternational Publications
995 _aSPECIAL COLLECTIONS
_D0.00
_e024979
_FCBU-MAIN LIBRARY (Kitwe)
_H1
_I0.00
_jIBRD(058)DL/1992A
_M1992A
_UAVAILABLE
_WApr 17, 2008
_y024979
_ZInternational Publications
995 _aSPECIAL COLLECTIONS
_D0.00
_e03003091
_FCBU-MAIN LIBRARY (Kitwe)
_H1
_I0.00
_jIBRD(058)DL/1990B
_M1990B
_UAVAILABLE
_WNov 11, 2008
_yZ03003091
_ZInternational Publications
995 _aSPECIAL COLLECTIONS
_D0.00
_e026522
_FCBU-MAIN LIBRARY (Kitwe)
_H1
_I0.00
_jIBRD(058)DL/1996
_M1996
_UAVAILABLE
_WApr 17, 2008
_y026522
_ZInternational Publications
995 _aSPECIAL COLLECTIONS
_D0.00
_e020640
_FCBU-MAIN LIBRARY (Kitwe)
_H1
_I0.00
_jIBRD(058)DL/1997
_M1997
_UAVAILABLE
_WApr 17, 2008
_y020640
_ZInternational Publications
995 _aSPECIAL COLLECTIONS
_D0.00
_e03003090
_FCBU-MAIN LIBRARY (Kitwe)
_H1
_I0.00
_jIBRD(058)DL/1990A
_M1990A
_UAVAILABLE
_WNov 11, 2008
_yZ03003090
_ZInternational Publications
995 _aSPECIAL COLLECTIONS
_D0.00
_e026559
_FCBU-MAIN LIBRARY (Kitwe)
_H1
_I0.00
_jIBRD(058)DL/1994
_M1994
_UAVAILABLE
_WApr 17, 2008
_y026559
_ZInternational Publications
995 _aSPECIAL COLLECTIONS
_D0.00
_e025239
_FCBU-MAIN LIBRARY (Kitwe)
_H1
_I0.00
_jIBRD(058)DL/1993
_M1993
_UAVAILABLE
_WApr 17, 2008
_y025239
_ZInternational Publications
999 _c63580
_d63580